000 00428nam a22001697a 4500
003 NUST - PNEC
005 20170116181134.0
008 151007b xxu||||| |||| 00| 0 eng d
020 _a8129705125
040 _cLIBRARY
082 _a629.1341 COR
100 _914184
_aCorke, Thomas C.
245 _aDesign of aircraft
_cThomas C.Corke
260 _cc 2003
650 _914185
_aAerospace engineering
_xME
942 _2ddc
_cBK
999 _c70154
_d70154